| 000 | 00449nam a22001697a 4500 | ||
|---|---|---|---|
| 003 | OSt | ||
| 008 | 241023b |||||||| |||| 00| 0 eng d | ||
| 020 | _a9781782213932 | ||
| 082 | _a757.6 SCW | ||
| 100 | _aSCOTT, Marylin | ||
| 245 | _aWatercolour Artists Bible: An Essential Reference for the Practising Artist | ||
| 250 | _aReprint, | ||
| 260 |
_aLondon, _bSearch Press Ltd, _c2022, |
||
| 300 | _a192 p. | ||
| 650 | _aB.FAD. | ||
| 942 |
_2ddc _cREF |
||
| 999 |
_c12968 _d12968 |
||